| 000 | 00601nam a22002297a 4500 | ||
|---|---|---|---|
| 003 | OSt | ||
| 005 | 20220107122835.0 | ||
| 008 | 171124b xxu||||| |||| 00| 0 eng d | ||
| 020 | _a9780198745341 | ||
| 040 | _cIIITMK | ||
| 082 | _a577.18 HUI/I | ||
| 100 |
_aHui, Cang _913400 |
||
| 245 | _aInvasion dynamics | ||
| 260 |
_aUK, _bOxford University Press, _c2017. |
||
| 300 | _ax, 322p. | ||
| 650 |
_aECOLOGY _913401 |
||
| 650 |
_aBIOLOGICAL INVASIONS _913402 |
||
| 650 |
_aINVASION ECOLOGY _913403 |
||
| 650 |
_aINVASION SCIENCE _913467 |
||
| 700 |
_aRichardson, David M. _913404 |
||
| 942 |
_2ddc _cBK |
||
| 999 |
_c5933 _d5933 |
||